00636nam a22001937a 450000500170000001000140001702000260003103500130005703700150007008200130008510000430009824500690014124600330021026000770024327000650032030000510038570000030043670000030043920100910161617.0 aMAR-20252 c150.00a9788172948092 aMR-12910 bDBAD / PUB a891.4608 aमिरासदार, द. भा. aअंगतपंगत /cमिरासदार, द भा aAngatpangatbby D.B.Mirasdar aपुणेbमधुराज पब्लिकेशन्सc2010 a251 क,, सदाशिव पेठbपुणेe411030 a166पृc22सेमी (अजिल्द)